| 000 | 00442nam a22001577a 4500 | ||
|---|---|---|---|
| 999 |
_c7746 _d7747 |
||
| 008 | 190325b ||||| |||| 00| 0 eng d | ||
| 020 | _a0201106485 | ||
| 082 | _a658.15 C78f 1988 | ||
| 100 | _aCopeland, Thomas E. | ||
| 245 | _aFinancial Theory and Corporate Poliicy. | ||
| 250 | _b3rd ed. | ||
| 260 |
_aNew York ; _bAddison- Wesley Publishing company, _c1988. |
||
| 300 |
_axiv, 946 p. _c24 cm. |
||
| 700 | _aWeston, J. Fred. | ||
| 942 | _2ddc | ||